'D' Cities by Picture Quiz Stats

Quiz Updated Sep 11, 2016

Challenge
Share
Tweet
Score 0/20 Timer 07:00
14 Plays Today
% Correct
Dubai, United Arab Emirates
94%
Denver, Colorado, USA
87.5%
Delhi, India
70.8%
Detroit, Michigan, USA
64.9%
Dublin, Ireland
60.2%
Dallas, Texas, USA
57.8%
Damascus, Syria
46.2%
Dakar, Senegal
42%
Dubrovnik, Croatia
40.5%
Dresden, Germany
34.6%
% Correct
Darwin, Australia
32.7%
Dhaka, Bangladesh
31.8%
Durban, South Africa
30.6%
Düsseldorf, Germany
28.3%
Dushanbe, Tajikistan
25.3%
Dar es Salaam, Tanzania
23%
Dijon, France
21.7%
Doha, Qatar
21.1%
Daegu, South Korea
9.5%
Da Nang, Vietnam
7.6%

You're not logged in!

Compare scores with friends on all Sporcle quizzes.
Sign Up with Email
OR
Log In

You Might Also Like...

Show Comments

Extras

Top Quizzes Today


Score Distribution

Your Account Isn't Verified!

In order to create a playlist on Sporcle, you need to verify the email address you used during registration. Go to your Sporcle Settings to finish the process.